书目信息 |
| 题名: |
幼儿教师实用英语口语
|
|
| 作者: | 姚丹 , 李章华 , 黄芳 主编 | |
| 分册: | 中级 | |
| 出版信息: | 上海 复旦大学出版社 2018重印 |
|
| 页数: | 79页 | |
| 开本: | 30cm | |
| 丛书名: | ||
| 单 册: | ||
| 中图分类: | G613.2 , H319.9 | |
| 科图分类: | ||
| 主题词: | 英语--Ying Yu--口语 | |
| 电子资源: | ||
| ISBN: | 978-7-309-08957-8 | |
| 000 | 01470nam0 2200313 45 | |
| 001 | 012001009720 | |
| 005 | 20140103140535.0 | |
| 010 | @a978-7-309-08957-8@dCNY24.00 | |
| 010 | @a978-7-88845-579-5@b光盘 | |
| 099 | @aCAL 012012293404 | |
| 100 | @a20120817d2012 em y0chiy0121 ea | |
| 101 | 0 | @achi |
| 102 | @aCN@b310000 | |
| 105 | @ay z 000yy | |
| 106 | @ar | |
| 200 | 1 | @a幼儿教师实用英语口语@AYou Er Jiao Shi Shi Yong Ying Yu Kou Yu@i中级@f姚丹, 李章华, 黄芳主編 |
| 210 | @a上海@c复旦大学出版社@d2018重印 | |
| 215 | @a79页@d30cm@e光盘1片 | |
| 300 | @a全国学前教育专业 (新课程标准) "十二五" 规划教材 | |
| 330 | @a本书以幼儿园一日生活常规为主线,紧扣幼儿教育健康、语言、科学、社会、艺术五大领域主题,共划分为10个大单元。突出大主题范畴与下设各小主题之间的连贯性与逻辑性;既考虑所选主题对幼儿教师充分掌握英语口语的实际帮助,又考虑幼儿认知能力的可接受性,还兼顾所学知识对幼儿德育的培养。每单元均由教学目标、5个重点句型、两个对话、15个拓展句型、相关实训任务(包括: Dialogue drills, Oral translation, Role-Play)以及开心一刻(包括:英语游戏、英语儿歌、英语歌曲)组成,图文并茂,内容丰富实用,形式活泼多样。本书配有MP3光盘,由外籍专家朗读,进行地道的语音语调示范。 | |
| 333 | @a教参 | |
| 606 | 0 | @a英语@AYing Yu@x口语 |
| 690 | @aG613.2@v5 | |
| 690 | @aH319.9@v5 | |
| 701 | 0 | @a姚丹@AYao Dan@4主编 |
| 701 | 0 | @a李章华@ALi Zhang Hua@4主编 |
| 701 | 0 | @a黄芳@AHuang Fang@4主编 |
| 801 | 2 | @aCN@b上海新华@c20191020 |
| 905 | @b1189251-5@dG613.2@e816@f5 | |
| 幼儿教师实用英语口语.中级/姚丹, 李章华, 黄芳主編.-上海:复旦大学出版社,2018重印 |
| 79页;30cm+光盘1片 |
| 全国学前教育专业 (新课程标准) "十二五" 规划教材.-使用对象:教参 |
| ISBN 978-7-309-08957-8:CNY24.00 |
| 本书以幼儿园一日生活常规为主线,紧扣幼儿教育健康、语言、科学、社会、艺术五大领域主题,共划分为10个大单元。突出大主题范畴与下设各小主题之间的连贯性与逻辑性;既考虑所选主题对幼儿教师充分掌握英语口语的实际帮助,又考虑幼儿认知能力的可接受性,还兼顾所学知识对幼儿德育的培养。每单元均由教学目标、5个重点句型、两个对话、15个拓展句型、相关实训任务(包括: Dialogue drills, Oral translation, Role-Play)以及开心一刻(包括:英语游戏、英语儿歌、英语歌曲)组成,图文并茂,内容丰富实用,形式活泼多样。本书配有MP3光盘,由外籍专家朗读,进行地道的语音语调示范。 |
| ● |
| 相关链接 |
|
|
|
|
正题名:幼儿教师实用英语口语
索取号:G613.2/816
 
预约/预借
| 序号 | 登录号 | 条形码 | 馆藏地/架位号 | 状态 | 备注 |
| 1 | 1189251 | 211892512 | 第一样本阅览室/ [索取号:G613.2/816] | 在馆 | |
| 2 | 1189252 | 211892521 | 第四借阅区/ [索取号:G613.2/816] | 在馆 | |
| 3 | 1189253 | 211892530 | 第四借阅区/ [索取号:G613.2/816] | 在馆 | |
| 4 | 1189254 | 211892549 | 第四借阅区/ [索取号:G613.2/816] | 在馆 | |
| 5 | 1189255 | 211892558 | 第四借阅区/ [索取号:G613.2/816] | 在馆 |